Finish the Lyrics - Mr. Blue Sky - Statistics

General Stats
  • This quiz has been taken 64 times
  • The average score is 28 of 42
Answer Stats
Hint Answer % Correct
Sun is shinin' in the ___ sky
100%
There ain't a cloud in _____ sight
98%
It's a beautiful new ___? Hey day
93%
Mr. Blue Sky, please tell us ___ why
89%
Mr. Blue Sky, please tell us ___ why
89%
Oh, Mr. Blue Sky, please tell us ___ why
89%
Mr. Blue Sky, please tell us ___ why
89%
And don't you ____ know
83%
Welcome to the human ____ race
78%
Runnin' down the ______ avenue
76%
Hey there, Mr. ____ blue
76%
Hey there, Mr. ____ blue
76%
Hey there Mr. ____ (sky) blue
76%
Hey you with the pretty ____ face
74%
You had to ____ away for so long (so long) hide
74%
You had to ____ away for so long (so long) hide
74%
You had to ____ away for so long (so long) hide
74%
You had to ____ away for so long (so long) hide
74%
Mr. Blue Sky is living here _____, hey today
74%
____ around, see what you do look
72%
____ around, see what you do look
72%
____ around see what you do (blue) look
72%
And today is the day we've ______ for waited
67%
See how the sun shines brightly in the ____ city
63%
Now his hand is on your ________ shoulder
61%
Where did we go _____? wrong
61%
Where did we go _____? wrong
61%
Where did we go _____? wrong
61%
Where did we go _____? wrong
61%
Mr. Blue, you did it _____ right
54%
Everybody ______ at you smiles
50%
Everybody ______ at you smiles
50%
Everybody ______ at you smiles
50%
We're so _______ to be with you pleased
46%
We're so _______ to be with you pleased
46%
We're so _______ to be with you (sky) pleased
46%
But soon comes Mr. _____ creepin' over night
43%
Never mind, I'll ________ you this remember
41%
I'll ________ you this way remember
41%
On the streets where once was ____ pity
35%
It's stopped rainin', everybody's in the ____ play
33%
A ___________, Mr. Blue Sky's up there waitin' celebration
24%
No matching quizzes found
Score Distribution
Percent of People with Each Score
Percentile by Number Answered
Your Score History
You have not taken this quiz